000 00356nam a22001217a 4500
999 _c5360
_d5360
008 250909b ||||| |||| 00| 0 eng d
020 _a9781529070330
082 _a823.92
100 _aBOYCE,FRANK COTTRELL
_eAUTHOR
_lENGLISH
245 _aNOAH'S GOLD
260 _aTHE SMITHSON,6 BRISET STREET,LONDON EC1M 5NR
_bMACMILLAN CHILDREN'S BOOKS
_c2021
942 _2ddc